Training for social welfare : fifth international survey : new approaches in meeting manpower needs / (Record no. 52697)
[ view plain ]
| 000 -LEADER | |
|---|---|
| fixed length control field | 00974nam a2200241 a 4500 |
| 001 - CONTROL NUMBER | |
| control field | 52697 |
| 003 - CONTROL NUMBER IDENTIFIER | |
| rucl marc code | BD-RjUL |
| 005 - DATE AND TIME OF LATEST TRANSACTION | |
| control field | 20211209075839.0 |
| 008 - FIXED-LENGTH DATA ELEMENTS--GENERAL INFORMATION | |
| fixed length control field | 160925s1971 enk||||| |||| 00| 0 eng d |
| 035 ## - SYSTEM CONTROL NUMBER | |
| System control number | (BD-RjUL)52817 |
| 040 ## - CATALOGING SOURCE | |
| Original cataloging agency | BD-RjUL |
| Language of cataloging | eng |
| Transcribing agency | BD-RjUL |
| 041 ## - LANGUAGE CODE | |
| Language code of text/sound track or separate title | eng |
| 082 ## - DEWEY DECIMAL CLASSIFICATION NUMBER | |
| Edition number | 23 |
| Classification number | 361.072 |
| Author mark and year | UNT 1971 |
| 110 ## - MAIN ENTRY--CORPORATE NAME | |
| Corporate name or jurisdiction name as entry element | United Nations. Department of Economic and Social Affairs. |
| 9 (RLIN) | 157674 |
| 245 10 - TITLE STATEMENT | |
| Title | Training for social welfare : fifth international survey : new approaches in meeting manpower needs / |
| 260 ## - PUBLICATION, DISTRIBUTION, ETC. (IMPRINT) | |
| Place of publication, distribution, etc. | New york : |
| Name of publisher, distributor, etc. | United Nations, |
| Date of publication, distribution, etc. | 1971 |
| 300 ## - PHYSICAL DESCRIPTION | |
| Pagination | 88 p. ; |
| Size | 29 cm. |
| 490 ## - SERIES STATEMENT | |
| Series statement | United Nations. Publication. Sales no. E. 71. IV. 5 |
| 500 ## - GENERAL NOTE | |
| General note | At head of title: Department of Economic and Social Affairs. "ST/SOA/105." "United Nations publication. Sales No.: E.71. IV.5"--Title page verso. |
| 650 ## - SUBJECT ADDED ENTRY--TOPICAL TERM | |
| Topical term or geographic name as entry element | Social work education |
| 9 (RLIN) | 157599 |
| General subdivision | Research |
| 856 ## - ELECTRONIC LOCATION AND ACCESS | |
| Materials specified | United Nations. Publication. Sales no. E. 71. IV. 5 |
| 942 ## - ADDED ENTRY ELEMENTS (KOHA) | |
| Source of classification or shelving scheme | Dewey Decimal Classification |
| Koha item type | Books |
| Lost status | Source of classification or shelving scheme | Damaged status | Not for loan | Collection code | Permanent Location | Current Location | Shelving location | Date acquired | Source of acquisition | Cost, normal purchase price | Total Checkouts | Full call number | Date last seen | Copy number | Koha item type |
|---|---|---|---|---|---|---|---|---|---|---|---|---|---|---|---|
| Dewey Decimal Classification | Non-fiction | Central Library, University of Rajshahi | Central Library, University of Rajshahi | 25/09/1974 | Gono Prokashani, Dacca | 40.00 | 361.072 UNT 1971 | 25/09/2016 | C-2 | Books | |||||
| Dewey Decimal Classification | Non-fiction | Central Library, University of Rajshahi | Central Library, University of Rajshahi | 25/09/1974 | Gono Prokashani, Dacca | 40.00 | 361.072 UNT 1971 | 25/09/2016 | C-3 | Books | |||||
| Dewey Decimal Classification | Non-fiction | Central Library, University of Rajshahi | Central Library, University of Rajshahi | 25/09/1974 | Gono Prokashani, Dacca | 40.00 | 361.072 UNT 1971 | 25/09/2016 | C-4 | Books | |||||
| Dewey Decimal Classification | Non-fiction | Central Library, University of Rajshahi | Central Library, University of Rajshahi | 25/09/1974 | Gono Prokashani, Dacca | 40.00 | 361.072 UNT 1971 | 25/09/2016 | C-5 | Books | |||||
| Dewey Decimal Classification | Non-fiction | Central Library, University of Rajshahi | Central Library, University of Rajshahi | 25/09/1974 | Gono Prokashani, Dacca | 40.00 | 361.072 UNT 1971 | 25/09/2016 | C-6 | Books | |||||
| Dewey Decimal Classification | Non-fiction | Central Library, University of Rajshahi | Central Library, University of Rajshahi | 25/09/1974 | Gono Prokashani, Dacca | 40.00 | 361.072 UNT 1971 | 25/09/2016 | C-7 | Books | |||||
| Dewey Decimal Classification | Non-fiction | Central Library, University of Rajshahi | Central Library, University of Rajshahi | 25/09/1974 | Gono Prokashani, Dacca | 40.00 | 361.072 UNT 1971 | 25/09/2016 | C-8 | Books |